Mechanical engineering science./ (Record no. 4521)

MARC details
000 -LEADER
fixed length control field 00689nac a22001811u 4500
020 ## - INTERNATIONAL STANDARD BOOK NUMBER
International Standard Book Number 0582251680 :
082 ## - DEWEY DECIMAL CLASSIFICATION NUMBER
Classification number 621
Item number J762
090 ## - LOCALLY ASSIGNED LC-TYPE CALL NUMBER (OCLC); LOCAL CALL NUMBER (OCLC)
-- 4521
-- 4521
100 ## - MAIN ENTRY--PERSONAL NAME
Personal name Jones, G. D.
245 ## - TITLE STATEMENT
Title Mechanical engineering science./
Statement of responsibility, etc G. D. Jones
260 ## - PUBLICATION, DISTRIBUTION, ETC. (IMPRINT)
Place of publication, distribution, etc London:
Name of publisher, distributor, etc Longman Scientific & Technical, 1989.
Date of publication, distribution, etc 1989
300 ## - PHYSICAL DESCRIPTION
Extent 298p.:
Other physical details ill.;
Dimensions 23 cm.
504 ## - BIBLIOGRAPHY, ETC. NOTE
Bibliography, etc Includes index
650 ## - SUBJECT ADDED ENTRY--TOPICAL TERM
Topical term or geographic name as entry element Mechanical engineering
942 ## - ADDED ENTRY ELEMENTS (KOHA)
Item type Book - Borrowing
Call number prefix 621J762
Holdings
Withdrawn status Item status Damaged status Not for loan Home library Current library Shelving location Date acquired Source of acquisition Total Checkouts Full call number Barcode Date last seen Koha item type
        Central Library Central Library First floor 09/09/2007 Purchase   621 JON 000000180 15/07/2025 Book - Borrowing
        Central Library Central Library First floor 07/09/2016 Purchase   621 JON 000005841 15/07/2025 Book - Borrowing